Every Country with Territory in Europe - Statistics

General Stats
  • This quiz has been taken 117 times
    90 since last reset
  • The average score is 38 of 49
Answer Stats
Hint Answer % Correct
Non European Country Turkey (Thrace)
90%
European Country Russia
87%
European Country United Kingdom
85%
European Country Albania
82%
European Country Andorra
82%
European Country France
82%
European Country Spain
82%
European Country Germany
81%
European Country Liechtenstein
81%
European Country Austria
79%
European Country Denmark
79%
European Country Finland
79%
Non European Country Georgia (North of the Caucasus)
79%
European Country Hungary
79%
European Country Iceland
79%
European Country Luxembourg
79%
European Country Monaco
79%
European Country Montenegro
79%
European Country Norway
79%
European Country Poland
79%
European Country Portugal
79%
European Country San Marino
79%
European Country Slovakia
79%
European Country Sweden
79%
European Country Vatican City
79%
European Country Belgium
78%
European Country Czech Republic
78%
European Country Ireland
78%
European Country Italy
78%
European Country Serbia
78%
European Country Slovenia
78%
European Country Switzerland
78%
European Country Ukraine
78%
European Country Croatia
76%
European Country Latvia
76%
European Country Lithuania
76%
European Country Moldova
76%
European Country Netherlands
76%
European Country Romania
76%
European Country Bosnia & Herzegovina
75%
European Country Bulgaria
75%
European Country Estonia
75%
European Country Greece
75%
European Country Malta
75%
European Country North Macedonia
75%
Non European Country Azerbaijan (North of the Caucasus)
74%
European Country Kosovo
72%
European Country Belarus
71%
Non European Country Kazakhstan (West of the Urals)
63%
No matching quizzes found
Score Distribution
Percent of People with Each Score
Percentile by Number Answered
Your Score History
You have not taken this quiz since the last reset